<?xml version='1.0' encoding='UTF-8'?>
  <record xmlns="http://www.loc.gov/MARC21/slim">
    <leader>00000cam a22000007i 4500</leader>
    <controlfield tag="001">ocm67932085</controlfield>
    <controlfield tag="003">OCoLC</controlfield>
    <controlfield tag="005">20251230204140.4</controlfield>
    <controlfield tag="008">990201s1513    fr            001 0 lat d</controlfield>
    <datafield tag="040" ind1=" " ind2=" ">
      <subfield code="a">NLGGC</subfield>
      <subfield code="b">eng</subfield>
      <subfield code="e">rda</subfield>
      <subfield code="e">dcrmr</subfield>
      <subfield code="c">NLGGC</subfield>
      <subfield code="d">QGJ</subfield>
      <subfield code="d">OCLCO</subfield>
      <subfield code="d">OCLCL</subfield>
      <subfield code="d">QGJ</subfield>
      <subfield code="d">OCLCO</subfield>
    </datafield>
    <datafield tag="029" ind1="0" ind2=" ">
      <subfield code="a">NLGGC</subfield>
      <subfield code="b">180011367</subfield>
    </datafield>
    <datafield tag="035" ind1=" " ind2=" ">
      <subfield code="a">(OCoLC)67932085</subfield>
    </datafield>
    <datafield tag="100" ind1="0" ind2=" ">
      <subfield code="a">Jerome,</subfield>
      <subfield code="c">Saint,</subfield>
      <subfield code="d">-419 or 420,</subfield>
      <subfield code="e">correspondent,</subfield>
      <subfield code="e">author.</subfield>
      <subfield code="4">crp</subfield>
      <subfield code="4">aut</subfield>
      <subfield code="1">https://id.oclc.org/worldcat/entity/E39PCjJB3qjpGMkybXmJ3G8qHC</subfield>
    </datafield>
    <datafield tag="240" ind1="1" ind2="0">
      <subfield code="a">Correspondence.</subfield>
      <subfield code="l">Latin.</subfield>
      <subfield code="f">1513</subfield>
    </datafield>
    <datafield tag="245" ind1="1" ind2="0">
      <subfield code="a">Epistole sancti hieronymi</subfield>
    </datafield>
    <datafield tag="246" ind1="3" ind2=" ">
      <subfield code="a">Sancti:ac beatissimi hieronymi p[res]byteri ep[isto]le &amp; tractatus qua[n]te sanctitatis veritatisq[ue] exista[n]t nullus mortalium digne explicare po[tes]t ..</subfield>
    </datafield>
    <datafield tag="246" ind1="3" ind2=" ">
      <subfield code="a">Epistole et tractatus</subfield>
    </datafield>
    <datafield tag="246" ind1="3" ind2=" ">
      <subfield code="a">Epistolarum sancti hieronymi pars secunda</subfield>
    </datafield>
    <datafield tag="246" ind1="3" ind2=" ">
      <subfield code="a">Epistolarum sancti Hieronymi pars tertia</subfield>
    </datafield>
    <datafield tag="264" ind1=" " ind2="1">
      <subfield code="a">Lugdun[i] :</subfield>
      <subfield code="b">Per Magistrum Nicolaum de Benedictis,</subfield>
      <subfield code="c">Anno M.cccccxiii [1513]</subfield>
    </datafield>
    <datafield tag="300" ind1=" " ind2=" ">
      <subfield code="a">3 volumes in 1 :</subfield>
      <subfield code="b">illustrations ;</subfield>
      <subfield code="c">32</subfield>
    </datafield>
    <datafield tag="336" ind1=" " ind2=" ">
      <subfield code="a">text</subfield>
      <subfield code="b">txt</subfield>
      <subfield code="2">rdacontent</subfield>
    </datafield>
    <datafield tag="337" ind1=" " ind2=" ">
      <subfield code="a">unmediated</subfield>
      <subfield code="b">n</subfield>
      <subfield code="2">rdamedia</subfield>
    </datafield>
    <datafield tag="338" ind1=" " ind2=" ">
      <subfield code="a">volume</subfield>
      <subfield code="b">nc</subfield>
      <subfield code="2">rdacarrier</subfield>
    </datafield>
    <datafield tag="340" ind1=" " ind2=" ">
      <subfield code="m">folio</subfield>
      <subfield code="2">rdabf</subfield>
    </datafield>
    <datafield tag="500" ind1=" " ind2=" ">
      <subfield code="a">With second title page between preliminaries and main text, reading: Sancti:ac beatissimi hieronymi p[res]byteri ep[isto]le &amp; tractatus qua[n]te sanctitatis veritatisq[ue] exista[n]t nullus mortalium digne explicare po[tes]t ... Ceter[um] q[uia] volume[n] sacraru[m] ep[istol]aru[m] crebro iam impressioni absq[ue] nova emendatio[n]e traditu[m] fuit: hinc evenit vt corruptiora fuerint nouissima volu[m]ina ... Quapropt[er] ne tam sole[m]nis liber ineme[n]datus an[te] oculos peritor[um] obversetur, per magistru[m] ioha[n]nem de gradibus vtriusq[ue] iuris p[ro]fessore nouissime in regia vrbe lugd[uni] castigatus, in qua [et] imp[re]ssus extitit. Repertorioq[ue] q[uo]d prius in tres p[ar]tes distinctu[m] era:, in vnu[m] uolume[n] compacto, quo facilius q[uo]d q[ui]rit[ur] et minori labore inuestigari queat.</subfield>
    </datafield>
    <datafield tag="500" ind1=" " ind2=" ">
      <subfield code="a">Volume 2 titled: Epistolarum sancti hieronymi pars secunda; volume 3 titled: Epistolarum sancti Hieronymi pars tertia.</subfield>
    </datafield>
    <datafield tag="500" ind1=" " ind2=" ">
      <subfield code="a">Publication statement from colophons.</subfield>
    </datafield>
    <datafield tag="500" ind1=" " ind2=" ">
      <subfield code="a">Publication statement preliminaries: Impressum Lugduni Per Magistrum Nicolaum de Benedictis.Anno M.ccccciii.die uero.xxiii.mensis Iulii.; volume 1: Imp[re]ssum Lugduni Per Magistrum Nicolaum de Benedictis.anno d[omi]ni.M.ccccciii.uero.xxviii.Mensis Maii. volume 2: Impressum fuit hoc opus Lugduni per Magitrum Nicolaum de Benedictis. Anno d[omi]ni.M.cccccxiii.Die uero.xv.mensis Iulii.; volume 3: Impressum fuit presens opus Lugdun[i].per Magistrum Nicolaum de Benedictis.Anno Incarnationis domini. Millesimo quingentesimo decimotertio die uero ultima Mensis Iulii.</subfield>
    </datafield>
    <datafield tag="500" ind1=" " ind2=" ">
      <subfield code="a">Printer's device of Nicolaus de Benedictis at end of preliminaries and every part; printer's device of Jacques Sacon on title page.</subfield>
    </datafield>
    <datafield tag="500" ind1=" " ind2=" ">
      <subfield code="a">Includes index.</subfield>
    </datafield>
    <datafield tag="500" ind1=" " ind2=" ">
      <subfield code="a">Initials.</subfield>
    </datafield>
    <datafield tag="500" ind1=" " ind2=" ">
      <subfield code="a">Contains also: Vita Sancti Hieronymi.</subfield>
    </datafield>
    <datafield tag="500" ind1=" " ind2=" ">
      <subfield code="a">Signatures: a-b⁸ c¹⁰ ²a-c⁸ d-o⁸ p⁶ 2a-2q⁸ 2r-2s⁶ 3c-3y⁸.</subfield>
    </datafield>
    <datafield tag="510" ind1="4" ind2=" ">
      <subfield code="a">Gültlingen, S. von. Bibliographie des livres imprimés à Lyon au seizième siècle,</subfield>
      <subfield code="c">1, 126 (75)</subfield>
    </datafield>
    <datafield tag="600" ind1="0" ind2="0">
      <subfield code="a">Jerome,</subfield>
      <subfield code="c">Saint,</subfield>
      <subfield code="d">-419 or 420</subfield>
      <subfield code="v">Correspondence.</subfield>
    </datafield>
    <datafield tag="650" ind1=" " ind2="0">
      <subfield code="a">Fathers of the church</subfield>
      <subfield code="v">Correspondence</subfield>
      <subfield code="v">Early works to 1800.</subfield>
    </datafield>
    <datafield tag="650" ind1=" " ind2="0">
      <subfield code="a">Christian saints</subfield>
      <subfield code="x">Correspondence</subfield>
      <subfield code="v">Early works to 1800.</subfield>
    </datafield>
    <datafield tag="650" ind1=" " ind2="6">
      <subfield code="a">Pères de l'Église</subfield>
      <subfield code="v">Correspondance</subfield>
      <subfield code="v">Ouvrages avant 1800.</subfield>
    </datafield>
    <datafield tag="650" ind1=" " ind2="6">
      <subfield code="a">Saints chrétiens</subfield>
      <subfield code="x">Correspondance</subfield>
      <subfield code="v">Ouvrages avant 1800.</subfield>
    </datafield>
    <datafield tag="600" ind1="0" ind2="7">
      <subfield code="a">Jerome,</subfield>
      <subfield code="c">Saint,</subfield>
      <subfield code="d">-419 or 420</subfield>
      <subfield code="2">fast</subfield>
    </datafield>
    <datafield tag="650" ind1=" " ind2="7">
      <subfield code="a">Christian saints</subfield>
      <subfield code="x">Correspondence</subfield>
      <subfield code="2">fast</subfield>
    </datafield>
    <datafield tag="650" ind1=" " ind2="7">
      <subfield code="a">Fathers of the church</subfield>
      <subfield code="2">fast</subfield>
    </datafield>
    <datafield tag="655" ind1=" " ind2="7">
      <subfield code="a">Early works</subfield>
      <subfield code="2">fast</subfield>
    </datafield>
    <datafield tag="655" ind1=" " ind2="7">
      <subfield code="a">Personal correspondence</subfield>
      <subfield code="2">fast</subfield>
    </datafield>
    <datafield tag="700" ind1="1" ind2=" ">
      <subfield code="a">Gradibus, Johannes de,</subfield>
      <subfield code="d">active 15th century-16th century,</subfield>
      <subfield code="e">editor.</subfield>
      <subfield code="4">edt</subfield>
      <subfield code="1">https://id.oclc.org/worldcat/entity/E39PCjBFXtjpQHMyGtHvpX8XBP</subfield>
    </datafield>
    <datafield tag="700" ind1="1" ind2=" ">
      <subfield code="a">Benedictis, Nicolaus de,</subfield>
      <subfield code="d">active 1481-1519,</subfield>
      <subfield code="e">printer.</subfield>
      <subfield code="4">prt</subfield>
      <subfield code="1">https://id.oclc.org/worldcat/entity/E39PBJxrXv8hj9Pdvkwdd3BgKd</subfield>
    </datafield>
    <datafield tag="700" ind1="1" ind2=" ">
      <subfield code="a">Sacon, Jacques,</subfield>
      <subfield code="d">approximately 1472-1530,</subfield>
      <subfield code="e">printer.</subfield>
      <subfield code="4">prt</subfield>
      <subfield code="1">https://id.oclc.org/worldcat/entity/E39PBJvt4pMJwRp3tRMQt8kMT3</subfield>
    </datafield>
    <datafield tag="752" ind1=" " ind2=" ">
      <subfield code="a">France</subfield>
      <subfield code="d">Lyon,</subfield>
      <subfield code="e">publication place.</subfield>
      <subfield code="4">pup</subfield>
    </datafield>
    <datafield tag="758" ind1=" " ind2=" ">
      <subfield code="i">has work:</subfield>
      <subfield code="a">Epistolae Sancti Hieronymi (Text)</subfield>
      <subfield code="1">https://id.oclc.org/worldcat/entity/E39PCG34PrMKVt3XT9ryKm4bbd</subfield>
      <subfield code="4">https://id.oclc.org/worldcat/ontology/hasWork</subfield>
    </datafield>
  </record>